The emerging dimensions of Right To Information as human rights in India / (Record no. 42670)

MARC details
000 -LEADER
fixed length control field 00778nam a22002057a 4500
005 - DATE AND TIME OF LATEST TRANSACTION
control field 20100820114613.0
010 ## - LCCN (DPL NO)
LC control number ENG-99829
020 ## - INTERNATIONAL STANDARD BOOK NUMBER
International Standard Book Number 9788176781312
Terms of availability 150.00
035 ## - SYSTEM CONTROL NUMBER
System control number EN-83361
037 ## - SOURCE OF ACQUISITION
Source of stock number/acquisition DBAD/PUB
082 ## - DEWEY DECIMAL CLASSIFICATION NUMBER
Classification number 323.0954
100 ## - MAIN ENTRY--PERSONAL NAME
Personal name Shrinkhal,Rashwet
245 ## - TITLE STATEMENT
Title The emerging dimensions of Right To Information as human rights in India /
Statement of responsibility, etc by Rashwet Shrinkhal [and] Jaipriya Swapnil
260 ## - PUBLICATION, DISTRIBUTION, ETC. (IMPRINT)
Place of publication, distribution, etc Lucknow
Name of publisher, distributor, etc Bharat Book Centre
Date of publication, distribution, etc 2010
270 ## - ADDRESS
Address 17, Ashok Marg
City Lucknow
Postal code 226001
300 ## - PHYSICAL DESCRIPTION
Extent 124p.
Dimensions 25cm(pbk)
700 ## - ADDED ENTRY--PERSONAL NAME
Personal name Swapnil Jaipriya
9 (RLIN) 15446
942 ## - ADDED ENTRY ELEMENTS (KOHA)
Source of classification or shelving scheme Dewey Decimal Classification
Item type English Books
Call number suffix SHR
Classification part 323.0954
Holdings
Withdrawn status Lost status Not for loan Collection code Home library Current library Date acquired Source of acquisition Cost, normal purchase price Full call number Barcode Copy number Cost, replacement price Koha item type
    Not For Loan Non-fiction D.B.Act.Division D.B.Act.Division 20/08/2010 DBAD/PUB 150.00 323.0954 SHR EN-83361 1 150.00 English Books

© Delhi Public Library
Hit Counter
free hit counter